000 00292nam a2200109Ia 4500
008 220204s9999 xx 000 0 und d
082 _a338.26
_bMCN
100 _aMCNICHOLAS, Thomas J
245 0 _aExecutive policy and strategic planning
260 _aNew York
_bMcGraw Hill
_c1977
942 _cBK
999 _c33297
_d33297